[Event "Europa ch 2014"]
[Site "Yerevan ARM"]
[Date "2014.03.07"]
[Round "5.49"]
[White "Mkrtchian, Lilit"]
[Black "Iordachescu, Viorel"]
[Result "0-1"]
[WhiteElo "2465"]
[BlackElo "2583"]
[PlyCount "94"]
[EventDate "2014.03.03"]
[EventType "swiss"]
[EventRounds "11"]
[EventCountry "ARM"]
[Source "lmi"]
[SourceDate "2014.03.02"]

1. c4 e5 2. Nc3 d6 3. g3 g6 4. Bg2 Bg7 5. e3 f5 6. Nge2 Nf6 7. b4 O-O 8. Qb3 e4
9. f3 exf3 10. Bxf3 Nc6 11. d4 Be6 12. a4 Bf7 13. a5 a6 14. b5 axb5 15. Qxb5
Be8 16. Qxb7 Rxa5 17. Rxa5 Nxa5 18. Qb4 c6 19. O-O Bf7 20. d5 c5 21. Qa4 Nd7
22. Nb5 Ne5 23. Nxd6 Qxd6 24. Qxa5 Nxc4 25. Qa2 Ne5 26. Bg2 Nd3 27. Qc4 Nxc1
28. Rxc1 Rc8 29. Nf4 Qe5 30. Kf2 Bf8 31. Ne6 Bd6 32. Qc3 Qxc3 33. Rxc3 Be8 34.
Bf1 Kf7 35. Bc4 Ra8 36. Be2 Ra7 37. Rb3 Ke7 38. Rb2 Bd7 39. Bc4 Ra4 40. Rc2 Rb4
41. Kf3 Ba4 42. Rc3 Be5 43. Rc1 Bb2 44. Rb1 Bc2 45. Rxb2 Rxb2 46. h4 Bd1+ 47.
Kf4 Rb4 0-1

[Event "Europa ch 2014"]
[Site "Yerevan ARM"]
[Date "2014.03.07"]
[Round "5.50"]
[White "Bok, Benjamin"]
[Black "Grishchenko, Sergey1"]
[Result "1-0"]
[WhiteElo "2575"]
[BlackElo "2431"]
[PlyCount "91"]
[EventDate "2014.03.03"]
[EventType "swiss"]
[EventRounds "11"]
[EventCountry "ARM"]
[Source "lmi"]
[SourceDate "2014.03.02"]

1. e4 c6 2. d4 d5 3. e5 c5 4. Nf3 cxd4 5. Nxd4 Nc6 6. c4 dxc4 7. Nxc6 Qxd1+ 8.
Kxd1 bxc6 9. Bxc4 e6 10. Nc3 Ne7 11. Ke2 Nd5 12. Ne4 a5 13. Bd2 f6 14. exf6
gxf6 15. Rac1 Be7 16. Bd3 Kd7 17. Nc5+ Bxc5 18. Rxc5 Ba6 19. Bxa6 Rxa6 20. Rxa5
Rxa5 21. Bxa5 Ra8 22. b4 e5 23. Rc1 f5 24. g3 h5 25. Rc4 e4 26. h4 Kd6 27. a4
Ra6 28. Kd2 Ke5 29. Kc1 f4 30. gxf4+ Kxf4 31. Kb2 Kf3 32. Kb3 Nf4 33. Bc7 Nd3
34. Rc3 Kxf2 35. a5 Kf1 36. Bb6 Ne5 37. Re3 Nf3 38. Kc4 Nxh4 39. Rxe4 Nf3 40.
Re8 h4 41. Rh8 Kg2 42. Kc5 h3 43. Kxc6 h2 44. Kb7 Rxb6+ 45. Kxb6 Kg3 46. Rxh2
1-0

[Event "Europa ch 2014"]
[Site "Yerevan ARM"]
[Date "2014.03.07"]
[Round "5.51"]
[White "Grigoriants, Sergey"]
[Black "Bagaturov, Giorgi"]
[Result "1-0"]
[WhiteElo "2574"]
[BlackElo "2408"]
[PlyCount "59"]
[EventDate "2014.03.03"]
[EventType "swiss"]
[EventRounds "11"]
[EventCountry "ARM"]
[Source "lmi"]
[SourceDate "2014.03.02"]

1. e4 d6 2. d4 Nf6 3. Nc3 e5 4. Nf3 Nbd7 5. Bc4 Be7 6. O-O O-O 7. a4 a5 8. Re1
c6 9. h3 Nb6 10. Ba2 Nfd7 11. Be3 exd4 12. Bxd4 Nc5 13. Bxc5 dxc5 14. Qe2 Be6
15. Bxe6 fxe6 16. Rad1 Qc7 17. e5 Rf4 18. Ne4 Raf8 19. c4 Nd7 20. Qc2 Rxf3 21.
gxf3 Nb6 22. Qc3 Nd7 23. f4 Rxf4 24. Qd2 Rxe4 25. Rxe4 Nf8 26. h4 b6 27. h5 Qc8
28. Qf4 g6 29. Re3 Kg7 30. Rf3 1-0

[Event "Europa ch 2014"]
[Site "Yerevan ARM"]
[Date "2014.03.07"]
[Round "5.52"]
[White "Kreisl, Robert"]
[Black "Jianu, Vlad-Cristian"]
[Result "1/2-1/2"]
[WhiteElo "2437"]
[BlackElo "2574"]
[PlyCount "110"]
[EventDate "2014.03.03"]
[EventType "swiss"]
[EventRounds "11"]
[EventCountry "ARM"]
[Source "lmi"]
[SourceDate "2014.03.02"]

1. Nf3 d5 2. g3 Nf6 3. Bg2 g6 4. d4 Bg7 5. O-O O-O 6. c4 c6 7. cxd5 cxd5 8. Ne5
Ne4 9. Nc3 Nxc3 10. bxc3 Nc6 11. Nxc6 bxc6 12. Qa4 Qb6 13. Ba3 Qa6 14. Qxa6
Bxa6 15. Rfe1 Rfe8 16. Bc5 Bf8 17. Rab1 Reb8 18. Bf1 e6 19. Bxf8 Kxf8 20. e3
Bxf1 21. Kxf1 Rb6 22. Rb3 Rab8 23. Reb1 Ke7 24. Ke2 Kd6 25. Kd3 R8b7 26. c4
Rxb3+ 27. axb3 c5 28. cxd5 Kxd5 29. dxc5 Kxc5 30. Kc3 a5 31. Ra1 Kb5 32. Rd1
Rc7+ 33. Kb2 a4 34. bxa4+ Kxa4 35. Rd4+ Kb5 36. Kb3 Ra7 37. g4 Kc6 38. g5 Ra5
39. Rg4 Rf5 40. f4 Kd5 41. Rh4 Ke4 42. Rh3 f6 43. gxf6 Rxf6 44. Kc3 Rf7 45. Kd2
Ra7 46. Ke2 Ra2+ 47. Kf1 Rb2 48. Kg1 Re2 49. Rxh7 Rxe3 50. Rg7 Kf3 51. h4 Re1+
52. Kh2 Re2+ 53. Kh3 Re1 54. Kh2 Re2+ 55. Kh3 Re1 1/2-1/2

[Event "Europa ch 2014"]
[Site "Yerevan ARM"]
[Date "2014.03.07"]
[Round "5.53"]
[White "Huzman, Alexander"]
[Black "Schachinger, Mario"]
[Result "1-0"]
[WhiteElo "2569"]
[BlackElo "2398"]
[PlyCount "91"]
[EventDate "2014.03.03"]
[EventType "swiss"]
[EventRounds "11"]
[EventCountry "ARM"]
[Source "lmi"]
[SourceDate "2014.03.02"]

1. Nf3 d5 2. d4 Nf6 3. c4 e6 4. Nc3 c6 5. e3 Nbd7 6. Qc2 Bd6 7. b3 O-O 8. Be2
b6 9. O-O Bb7 10. Bb2 Qe7 11. Rad1 Rfe8 12. Bd3 e5 13. dxe5 Nxe5 14. Nxe5 Qxe5
15. g3 Qh5 16. Be2 Qh3 17. cxd5 cxd5 18. Rd4 Be5 19. Rh4 Qe6 20. Nb5 Rac8 21.
Qb1 Ne4 22. Nxa7 Rcd8 23. Bxe5 Qxe5 24. Nb5 d4 25. Nxd4 Ng5 26. Rd1 Qd5 27. e4
Nxe4 28. Bf3 Qe5 29. Qd3 g5 30. Rh6 Qg7 31. Rxb6 Nc5 32. Qc2 Rxd4 33. Bxb7 Rb8
34. Rc1 Ne6 35. Ra6 g4 36. Bc8 Ng5 37. Qc7 Nf3+ 38. Kh1 Qe5 39. Qxe5 Nxe5 40.
Bf5 h5 41. Kg2 Rd2 42. Ra5 Re8 43. Re1 f6 44. Ra7 Red8 45. Rc1 Rd1 46. Rcc7 1-0

[Event "Europa ch 2014"]
[Site "Yerevan ARM"]
[Date "2014.03.07"]
[Round "5.54"]
[White "Sanal, Vahap"]
[Black "Esen, Baris"]
[Result "0-1"]
[WhiteElo "2390"]
[BlackElo "2563"]
[PlyCount "119"]
[EventDate "2014.03.03"]
[EventType "swiss"]
[EventRounds "11"]
[EventCountry "ARM"]
[Source "lmi"]
[SourceDate "2014.03.02"]

1. e4 g6 2. d4 Bg7 3. Nf3 d6 4. c3 Nd7 5. Bd3 e5 6. O-O Ngf6 7. Be3 O-O 8. Nbd2
h6 9. h3 Nh7 10. Qc2 Re8 11. Rfe1 Ndf8 12. d5 Qd7 13. Nh2 f5 14. f3 f4 15. Bf2
Qe7 16. c4 Bf6 17. c5 Bh4 18. Bxh4 Qxh4 19. Ng4 Bxg4 20. hxg4 Re7 21. Nc4 Qf6
22. Qb3 b6 23. cxd6 cxd6 24. Qa3 Rd8 25. Kf2 Qh4+ 26. Ke2 Qh2 27. Rf1 Red7 28.
Rf2 Nf6 29. Qb4 h5 30. g5 N6h7 31. Na3 Nxg5 32. Rc1 h4 33. Bb5 Rh7 34. Nc4 h3
35. gxh3 Qg3 36. Nxd6 Nxh3 37. Rff1 Ng5 38. Kd1 Rh2 39. Rc2 Rxc2 40. Kxc2 Nxf3
41. Ba6 Qg2+ 42. Kc1 Nd4 43. Bd3 Nc2 44. Qc3 Ne3 45. Re1 Qg3 46. Rh1 Qg2 47.
Re1 Qg3 48. Rh1 Ng4 49. Rh8+ Kxh8 50. Nf7+ Kg8 51. Nxd8 Nh2 52. Bc2 f3 53. Kd2
Ng4 54. Bd3 Qf4+ 55. Kc2 f2 56. d6 f1=Q 57. Bxf1 Qxf1 58. Qb3+ Kh8 59. Nf7+ Kg7
60. Nd8 0-1

[Event "Europa ch 2014"]
[Site "Yerevan ARM"]
[Date "2014.03.07"]
[Round "5.55"]
[White "Gevorgyan, David"]
[Black "Palac, Mladen"]
[Result "1/2-1/2"]
[WhiteElo "2388"]
[BlackElo "2561"]
[PlyCount "111"]
[EventDate "2014.03.03"]
[EventType "swiss"]
[EventRounds "11"]
[EventCountry "ARM"]
[Source "lmi"]
[SourceDate "2014.03.02"]

1. d4 Nf6 2. c4 e6 3. g3 Bb4+ 4. Nd2 c5 5. a3 Bxd2+ 6. Qxd2 cxd4 7. Nf3 b6 8.
Bg2 Bb7 9. Qxd4 Nc6 10. Qc3 Rc8 11. b4 O-O 12. O-O Ne7 13. Bg5 Ne4 14. Qd3 f6
15. Be3 d5 16. cxd5 Qxd5 17. Nd4 Nf5 18. Nxf5 exf5 19. Qxd5+ Bxd5 20. Rac1 Kf7
21. Rfd1 Ke6 22. f3 Nd6 23. Bd4 Bb3 24. Re1 Rxc1 25. Rxc1 Rc8 26. Rxc8 Nxc8 27.
Kf2 Nd6 28. Bb2 Bc2 29. Bf1 Nc4 30. Bc1 Kd5 31. e3 Ne5 32. Bb2 Nd3+ 33. Bxd3
Bxd3 34. Ke1 Kc4 35. Kd2 Bf1 36. e4 Kb3 37. Kc1 Bg2 38. exf5 Bxf3 39. h3 Bg2
40. h4 Bh3 41. Kb1 Bxf5+ 42. Ka1 h5 43. Bc1 Be4 44. Bb2 Kc2 45. Bd4 Kd3 46. Bb2
Kc2 47. Bd4 Bc6 48. Be3 Kb3 49. Bc1 Bd7 50. Bb2 Kc2 51. Bd4 Kb3 52. Bb2 Kc4 53.
Bc1 Kd3 54. Bf4 g5 55. Bb8 f5 56. hxg5 1/2-1/2

[Event "Europa ch 2014"]
[Site "Yerevan ARM"]
[Date "2014.03.07"]
[Round "5.56"]
[White "Petrosian, Davit G"]
[Black "Khismatullin, Denis"]
[Result "1/2-1/2"]
[WhiteElo "2431"]
[BlackElo "2714"]
[PlyCount "152"]
[EventDate "2014.03.03"]
[EventType "swiss"]
[EventRounds "11"]
[EventCountry "ARM"]
[Source "lmi"]
[SourceDate "2014.03.02"]

1. e4 c6 2. d4 d5 3. f3 e6 4. Nc3 Bb4 5. Bf4 Ne7 6. Qd3 O-O 7. Nge2 dxe4 8.
fxe4 Ng6 9. Bg3 e5 10. a3 Ba5 11. O-O-O Nd7 12. h4 h5 13. Qf3 exd4 14. Rxd4 Bb6
15. Rd1 Qe8 16. Bd6 Nde5 17. Qg3 Bg4 18. Re1 Qe6 19. Bxf8 Rxf8 20. Nf4 Qf6 21.
Nxg6 fxg6 22. Nd1 Ba5 23. c3 Bc7 24. Be2 Qd8 25. Qe3 Be6 26. Kb1 Kh7 27. Qd4
Qb8 28. Rhf1 Rd8 29. Qe3 b5 30. Nf2 a5 31. Rd1 b4 32. cxb4 axb4 33. Rxd8 Bxd8
34. axb4 Qxb4 35. Qc3 Qb8 36. Nd3 Bc7 37. Nc5 Qe8 38. Nxe6 Qxe6 39. Rc1 Bd8 40.
Bc4 Qd6 41. g3 Nxc4 42. Qxc4 Qxg3 43. Qxc6 Bxh4 44. Qd5 Bg5 45. Rc5 Be3 46. Rb5
h4 47. e5 h3 48. e6 Qh4 49. Qh1 Bg5 50. Rxg5 Qxg5 51. Qxh3+ Kg8 52. Qf3 Qd8 53.
Qf7+ Kh7 54. Qd7 Qf6 55. e7 Qf1+ 56. Ka2 Qa6+ 57. Kb3 Qb6+ 58. Kc4 Qa6+ 59. Kc3
Qf6+ 60. Kc2 Qf2+ 61. Kb3 Qb6+ 62. Kc4 Qa6+ 63. Kc5 Qa5+ 64. Kd6 Qb4+ 65. Kc7
Qa5+ 66. Kb8 Qb6+ 67. Qb7 Qe6 68. b4 Qe5+ 69. Kc8 Qe6+ 70. Kd8 Qd6+ 71. Kc8
Qe6+ 72. Kb8 Qe5+ 73. Ka7 Qa1+ 74. Kb6 Qf6+ 75. Ka5 Qa1+ 76. Kb6 Qf6+ 1/2-1/2

[Event "Europa ch 2014"]
[Site "Yerevan ARM"]
[Date "2014.03.07"]
[Round "5.57"]
[White "Meribanov, Vitaly"]
[Black "Grachev, Boris"]
[Result "0-1"]
[WhiteElo "2410"]
[BlackElo "2675"]
[PlyCount "68"]
[EventDate "2014.03.03"]
[EventType "swiss"]
[EventRounds "11"]
[EventCountry "ARM"]
[Source "lmi"]
[SourceDate "2014.03.02"]

1. e4 c5 2. Nf3 e6 3. Nc3 Nc6 4. d4 cxd4 5. Nxd4 a6 6. Nxc6 bxc6 7. Bd3 Qc7 8.
O-O Nf6 9. Re1 Bd6 10. h3 Be5 11. Na4 c5 12. c4 Bd4 13. Be3 Bxe3 14. Rxe3 e5
15. Nc3 O-O 16. Rg3 Bb7 17. h4 Qd8 18. h5 h6 19. Qf3 d6 20. Bc2 Rb8 21. Rd1 Bc8
22. b3 Kh8 23. Nd5 Nxd5 24. Rxd5 Be6 25. Rd2 Rb6 26. Qd1 Qe7 27. Rgd3 Rd8 28.
f4 exf4 29. e5 d5 30. cxd5 Bf5 31. d6 Qxe5 32. Re2 Qf6 33. d7 Re6 34. Rxe6 Bxe6
0-1

[Event "Europa ch 2014"]
[Site "Yerevan ARM"]
[Date "2014.03.07"]
[Round "5.58"]
[White "Volokitin, Andrei"]
[Black "Goryachkina, Aleksandra"]
[Result "1-0"]
[WhiteElo "2674"]
[BlackElo "2424"]
[PlyCount "57"]
[EventDate "2014.03.03"]
[EventType "swiss"]
[EventRounds "11"]
[EventCountry "ARM"]
[Source "lmi"]
[SourceDate "2014.03.02"]

1. e4 c6 2. d4 d5 3. e5 Bf5 4. Nf3 e6 5. Be2 Ne7 6. O-O Bg6 7. Nbd2 Nf5 8. Nb3
Nd7 9. Bd2 a5 10. a4 h6 11. Qe1 b6 12. Rc1 Be7 13. c4 O-O 14. cxd5 cxd5 15. h3
Nb8 16. Bb5 Ra7 17. Qe2 Rc7 18. Kh2 h5 19. Rxc7 Qxc7 20. Rc1 Qb7 21. g4 hxg4
22. hxg4 Nh6 23. Kg3 Be4 24. Ng5 Bg6 25. Bd3 Bxg5 26. Bxg5 Kh7 27. Bxg6+ fxg6
28. Qc2 Qa6 29. Bxh6 1-0

[Event "Europa ch 2014"]
[Site "Yerevan ARM"]
[Date "2014.03.07"]
[Round "5.59"]
[White "Khairullin, Ildar"]
[Black "Harutyunian, Tigran K"]
[Result "1-0"]
[WhiteElo "2657"]
[BlackElo "2422"]
[PlyCount "105"]
[EventDate "2014.03.03"]
[EventType "swiss"]
[EventRounds "11"]
[EventCountry "ARM"]
[Source "lmi"]
[SourceDate "2014.03.02"]

1. e4 e5 2. Nf3 Nc6 3. d4 exd4 4. Nxd4 Bc5 5. Nxc6 Qf6 6. Qf3 bxc6 7. Nc3 d6 8.
Qg3 Qg6 9. Bd2 Rb8 10. Bd3 Bd4 11. Na4 Ne7 12. c3 Qxg3 13. hxg3 Bf6 14. f3 Ng6
15. O-O-O h5 16. Be2 Ke7 17. f4 Bg4 18. Bf3 Kd7 19. Be3 Be7 20. Nc5+ Kc8 21.
Bxg4+ hxg4 22. Rxh8+ Nxh8 23. Nd3 f5 24. e5 c5 25. exd6 cxd6 26. b4 cxb4 27.
Nxb4 Kb7 28. Rd5 Bf6 29. Kc2 Rc8 30. Rb5+ Ka8 31. Nd5 Bd8 32. Bd4 Nf7 33. Bxg7
a6 34. Rb2 Rc5 35. Ne3 Bc7 36. Kd3 Nd8 37. Bd4 Ra5 38. Nc4 Ra4 39. Ne3 Ra5 40.
Kc4 Ra4+ 41. Kb3 Ra5 42. Nc4 Rd5 43. Kc2 Ne6 44. Bb6 Rb5 45. Bxc7 Nxc7 46. Rxb5
Nxb5 47. a4 d5 48. axb5 dxc4 49. bxa6 Ka7 50. Kd2 Kxa6 51. Ke3 Kb6 52. Kd4 Kb5
53. Kd5 1-0

[Event "Europa ch 2014"]
[Site "Yerevan ARM"]
[Date "2014.03.07"]
[Round "5.60"]
[White "Nakar, Eylon"]
[Black "Socko, Bartosz"]
[Result "0-1"]
[WhiteElo "2409"]
[BlackElo "2654"]
[PlyCount "106"]
[EventDate "2014.03.03"]
[EventType "swiss"]
[EventRounds "11"]
[EventCountry "ARM"]
[Source "lmi"]
[SourceDate "2014.03.02"]

1. c4 e5 2. g3 Nf6 3. Bg2 c6 4. d4 exd4 5. Qxd4 d5 6. Nc3 dxc4 7. Qxc4 Be6 8.
Qa4 Nbd7 9. Nf3 Nc5 10. Qc2 Qd7 11. O-O Be7 12. Rd1 Qc8 13. e4 O-O 14. Ng5 Bg4
15. e5 Bf5 16. Qe2 Nfd7 17. Nf3 Nb6 18. Bg5 Re8 19. Bxe7 Rxe7 20. Qe3 Na6 21.
Rac1 Nc7 22. Ne4 Ncd5 23. Qd4 Bg4 24. Nd6 Qd7 25. Re1 h6 26. Nd2 f6 27. f4 fxe5
28. fxe5 Bh3 29. Bxh3 Qxh3 30. a4 Rf8 31. a5 Nc8 32. Nxc8 Qxc8 33. a6 bxa6 34.
Ne4 Qd7 35. Nd6 Rb8 36. Re2 Rb4 37. Qc5 Qg4 38. Rce1 Nf4 39. Rd2 Ng6 40. Nf5
Reb7 41. e6 Re4 42. Rf1 Rxe6 43. h3 Qg5 44. Rd4 Rf7 45. Qc4 Ref6 46. h4 Nxh4
47. Ne7+ Kh7 48. Qd3+ Ng6 49. Rxf6 Qxf6 50. Rd6 Qxe7 51. Qxg6+ Kg8 52. Rxc6
Qe1+ 53. Kg2 Qf1+ 0-1

[Event "Europa ch 2014"]
[Site "Yerevan ARM"]
[Date "2014.03.07"]
[Round "5.61"]
[White "Lugovskoy, Maxim"]
[Black "Beliavsky, Alexander G"]
[Result "1/2-1/2"]
[WhiteElo "2397"]
[BlackElo "2643"]
[PlyCount "64"]
[EventDate "2014.03.03"]
[EventType "swiss"]
[EventRounds "11"]
[EventCountry "ARM"]
[Source "lmi"]
[SourceDate "2014.03.02"]

1. e4 e5 2. Nf3 Nc6 3. Nc3 Nf6 4. d4 exd4 5. Nxd4 Bb4 6. Nxc6 bxc6 7. Bd3 d5 8.
exd5 cxd5 9. O-O O-O 10. h3 c6 11. Qf3 Re8 12. Bf4 a5 13. a3 Bxc3 14. bxc3 Ba6
15. Rfe1 Bxd3 16. cxd3 a4 17. Bg5 Qd6 18. Bxf6 Qxf6 19. Qxf6 gxf6 20. Rxe8+
Rxe8 21. Rb1 Re2 22. Rb4 Rc2 23. c4 Rc3 24. cxd5 cxd5 25. Rxa4 Rxd3 26. Kf1 Rb3
27. Ke2 d4 28. Rxd4 Rxa3 29. Rb4 Kf8 30. Rd4 Kg7 31. Rg4+ Kf8 32. Rd4 Kg7
1/2-1/2

[Event "Europa ch 2014"]
[Site "Yerevan ARM"]
[Date "2014.03.07"]
[Round "5.63"]
[White "Parligras, Mircea-Emilian"]
[Black "Hayrapetian, Arman"]
[Result "1-0"]
[WhiteElo "2572"]
[BlackElo "2367"]
[PlyCount "49"]
[EventDate "2014.03.03"]
[EventType "swiss"]
[EventRounds "11"]
[EventCountry "ARM"]
[Source "lmi"]
[SourceDate "2014.03.02"]

1. d4 Nf6 2. c4 g6 3. Nc3 Bg7 4. e4 d6 5. f3 e5 6. Nge2 O-O 7. Be3 Nc6 8. Qd2
a6 9. d5 Na5 10. Nc1 c5 11. Rb1 b5 12. cxb5 axb5 13. Bxb5 Ba6 14. Bxa6 Rxa6 15.
b3 Nh5 16. O-O f5 17. Nd3 Ra8 18. Rfc1 Rf7 19. Nb5 Nf6 20. exf5 gxf5 21. b4 Bf8
22. bxa5 Nxd5 23. Bxc5 dxc5 24. Nxe5 Rg7 25. Rd1 1-0

[Event "Europa ch 2014"]
[Site "Yerevan ARM"]
[Date "2014.03.07"]
[Round "5.64"]
[White "Kozlitin, Roman"]
[Black "Kuljasevic, Davorin"]
[Result "1/2-1/2"]
[WhiteElo "2365"]
[BlackElo "2567"]
[PlyCount "158"]
[EventDate "2014.03.03"]
[EventType "swiss"]
[EventRounds "11"]
[EventCountry "ARM"]
[Source "lmi"]
[SourceDate "2014.03.02"]

1. e4 e5 2. Nf3 Nc6 3. Bb5 a6 4. Ba4 Nf6 5. O-O Be7 6. Re1 b5 7. Bb3 d6 8. c3
O-O 9. h3 Nb8 10. d4 Nbd7 11. a4 Bb7 12. Nbd2 c5 13. d5 c4 14. Bc2 Nc5 15. Nf1
Qc7 16. Ng3 Rfb8 17. Nh2 Bc8 18. Ng4 Qd8 19. Ne3 g6 20. Rf1 Bf8 21. Bd2 Bd7 22.
f4 exf4 23. Rxf4 Bh6 24. Rf2 Bg7 25. Qe2 Qe7 26. Raf1 Rf8 27. axb5 axb5 28. Nd1
Ne8 29. Rf3 Be5 30. Qf2 Ng7 31. Bh6 Ra1 32. Bg5 f6 33. Bxf6 Rxf6 34. Rxf6 Bxf6
35. Qxf6 Qxf6 36. Rxf6 Rc1 37. Rf2 b4 38. cxb4 Nd3 39. Bxd3 cxd3 40. Rf1 Ba4
41. Nc3 d2 42. Nge2 Rxf1+ 43. Kxf1 Nh5 44. Kf2 Nf6 45. Ke3 d1=Q 46. Nxd1 Bxd1
47. Nd4 Kf7 48. b5 Ke7 49. Kd2 Bh5 50. g4 Nxe4+ 51. Ke3 Nf6 52. gxh5 Nxd5+ 53.
Kf3 gxh5 54. Ke4 Nb6 55. Kf5 h4 56. Kg5 d5 57. Kf5 Kd6 58. b4 Nc4 59. Kf6 Kc7
60. Kg5 Kb6 61. Kxh4 Nd6 62. Kg5 Nxb5 63. Nf5 Nc3 64. Kh6 Ne2 65. Kxh7 Nf4 66.
h4 Kb5 67. Kg7 Kxb4 68. Kf6 Kc3 69. Kg5 Ne6+ 70. Kg4 d4 71. h5 d3 72. h6 d2 73.
Ne3 Kd4 74. Nd1 Nf8 75. Kf5 Kd3 76. Kf6 Ke2 77. Nb2 d1=Q 78. Nxd1 Kxd1 79. Kf7
Nh7 1/2-1/2

[Event "Europa ch 2014"]
[Site "Yerevan ARM"]
[Date "2014.03.07"]
[Round "5.65"]
[White "Shahinyan, David"]
[Black "Gabrielian, Artur"]
[Result "0-1"]
[WhiteElo "2356"]
[BlackElo "2560"]
[PlyCount "142"]
[EventDate "2014.03.03"]
[EventType "swiss"]
[EventRounds "11"]
[EventCountry "ARM"]
[Source "lmi"]
[SourceDate "2014.03.02"]

1. d4 Nf6 2. Nf3 e6 3. g3 d5 4. Bg2 Be7 5. O-O O-O 6. c4 c5 7. cxd5 exd5 8. Nc3
Nc6 9. Be3 c4 10. Ne5 Be6 11. Nxc4 dxc4 12. d5 Nxd5 13. Nxd5 Rc8 14. Nxe7+ Qxe7
15. Qa4 a6 16. Rfd1 Rfe8 17. Rac1 h6 18. h3 Qf6 19. Qa3 Qe5 20. Kh2 Qh5 21. Rd2
Ne5 22. Bd4 Nc6 23. Bc3 Rcd8 24. Rcd1 Rxd2 25. Rxd2 Bc8 26. e4 Ne5 27. Rd5 Nf3+
28. Kh1 Ng5 29. h4 Be6 30. Qa4 b5 31. Qd1 Qxd1+ 32. Rxd1 Bg4 33. Rd6 Nxe4 34.
Bxe4 Rxe4 35. Rxa6 Bf3+ 36. Kg1 Re2 37. Rb6 Rc2 38. Rb8+ Kh7 39. Re8 b4 40.
Bxb4 Rxb2 41. a3 g5 42. hxg5 hxg5 43. g4 Bxg4 44. Kg2 Be6 45. Rd8 Rb3 46. Rd1
Kg6 47. Re1 Bf5 48. Rc1 Be4+ 49. Kf1 Bd3+ 50. Kg2 f5 51. Kf3 f4 52. Kg2 g4 53.
Bd6 Kf5 54. a4 c3 55. a5 c2 56. f3 gxf3+ 57. Kxf3 Be4+ 58. Ke2 Rb5 59. Bf8 Rxa5
60. Bb4 Rb5 61. Bd2 Rb1 62. Kf2 f3 63. Rg1 Rd1 64. Bh6 Ke5 65. Bg5 Kd5 66. Bh6
Rb1 67. Bc1 Kc4 68. Bh6 Bd5 69. Bg5 Rd1 70. Re1 Kb3 71. Bc1 Ka2 0-1

[Event "Europa ch 2014"]
[Site "Yerevan ARM"]
[Date "2014.03.07"]
[Round "5.66"]
[White "Savchenko, Boris"]
[Black "Chighladze, Iveri"]
[Result "1/2-1/2"]
[WhiteElo "2560"]
[BlackElo "2365"]
[PlyCount "120"]
[EventDate "2014.03.03"]
[EventType "swiss"]
[EventRounds "11"]
[EventCountry "ARM"]
[Source "lmi"]
[SourceDate "2014.03.02"]

1. e4 Nf6 2. e5 Nd5 3. d4 d6 4. c4 Nb6 5. exd6 cxd6 6. Nc3 g6 7. Be3 Bg7 8. Rc1
O-O 9. b3 Bf5 10. Nf3 d5 11. c5 Nc8 12. Be2 Nc6 13. b4 a6 14. O-O Bg4 15. Ne5
Nxe5 16. Bxg4 Nc6 17. Bxc8 Rxc8 18. Na4 e5 19. Nb6 Rc7 20. Qb3 Nxd4 21. Bxd4
exd4 22. a4 Re7 23. a5 Rfe8 24. b5 axb5 25. Qxb5 Re2 26. c6 bxc6 27. Rxc6 Qh4
28. Rc8 Rxc8 29. Qxe2 Rc3 30. Qa2 Rc7 31. Qxd5 h5 32. g3 Qe7 33. a6 Kh7 34. Qa5
Ra7 35. Qb5 Qa3 36. Na4 d3 37. Qb6 Re7 38. Qc5 Qxc5 39. Nxc5 d2 40. Nb3 Bc3 41.
f4 Ra7 42. Kf2 Rxa6 43. Rd1 Rd6 44. Ke3 Re6+ 45. Kd3 Re1 46. Kc2 Bb4 47. Nxd2
Re2 48. Kd3 Rxh2 49. Ne4 Ra2 50. Ke3 Ra3+ 51. Ke2 Ra7 52. Rd7 Rxd7 53. Nf6+ Kg7
54. Nxd7 Bc3 55. Kf3 f5 56. Nb6 Kf7 57. Nd5 Bd4 58. Nb4 Ke6 59. Nc2 Bc3 60. Ne3
Kd6 1/2-1/2

[Event "Europa ch 2014"]
[Site "Yerevan ARM"]
[Date "2014.03.07"]
[Round "5.67"]
[White "Petrosyan, Manuel"]
[Black "Mastrovasilis, Athanasios"]
[Result "1-0"]
[WhiteElo "2336"]
[BlackElo "2554"]
[PlyCount "125"]
[EventDate "2014.03.03"]
[EventType "swiss"]
[EventRounds "11"]
[EventCountry "ARM"]
[Source "lmi"]
[SourceDate "2014.03.02"]

1. d4 Nf6 2. c4 e6 3. Nf3 Bb4+ 4. Nbd2 O-O 5. a3 Be7 6. e4 d6 7. Bd3 e5 8. d5
a5 9. Bc2 Nbd7 10. Rb1 c6 11. O-O cxd5 12. cxd5 Nb6 13. Re1 Bg4 14. Nf1 Rc8 15.
Ne3 Bh5 16. Bd2 Nc4 17. Nxc4 Rxc4 18. Bd3 Rc8 19. h3 Bg6 20. Qe2 Nd7 21. b4
axb4 22. axb4 Qc7 23. g4 Nb6 24. Rbc1 Qb8 25. h4 h5 26. Ng5 hxg4 27. Qxg4 Nxd5
28. Nxf7 Nf4 29. Nh6+ Kh7 30. Bxf4 gxh6 31. Bg3 Rxc1 32. Rxc1 Qd8 33. h5 Be8
34. Bc4 Bg5 35. Rd1 Qe7 36. Rd3 Bd7 37. Qd1 Rf6 38. Bd5 Be6 39. Rc3 Rf7 40. b5
Rg7 41. b6 Bxd5 42. Qxd5 Qd8 43. Qe6 Qd7 44. Qb3 Qg4 45. Rc7 Qxe4 46. Qe6 Bf4
47. Qg4 Qe1+ 48. Kg2 Bg5 49. Qf5+ Kh8 50. Rc8+ Rg8 51. Rxg8+ Kxg8 52. Qc8+ Kf7
53. Qxb7+ Kf6 54. Qc6 Qb4 55. b7 Bf4 56. Bxf4 exf4 57. Qc8 Qe4+ 58. Kh2 Qf3 59.
Qf8+ Kg5 60. Qg7+ Kf5 61. b8=Q Qxf2+ 62. Qg2 Qh4+ 63. Qh3+ 1-0

[Event "Europa ch 2014"]
[Site "Yerevan ARM"]
[Date "2014.03.07"]
[Round "5.68"]
[White "Halkias, Stelios"]
[Black "Beradze, Irakli"]
[Result "1/2-1/2"]
[WhiteElo "2551"]
[BlackElo "2364"]
[PlyCount "80"]
[EventDate "2014.03.03"]
[EventType "swiss"]
[EventRounds "11"]
[EventCountry "ARM"]
[Source "lmi"]
[SourceDate "2014.03.02"]

1. d4 Nf6 2. Nf3 e6 3. g3 c5 4. Bg2 Nc6 5. O-O cxd4 6. Nxd4 Qb6 7. e3 d5 8. b3
Be7 9. Bb2 O-O 10. Nd2 Nxd4 11. Bxd4 Qd6 12. Nf3 b6 13. c4 Ba6 14. Ne5 Rac8 15.
Rc1 Ne4 16. Ba1 f6 17. Nd3 dxc4 18. bxc4 Nc5 19. Nf4 Qxd1 20. Rfxd1 Kf7 21. h4
Rfd8 22. Rxd8 Rxd8 23. Bd4 Bd6 24. Bxc5 Bxc5 25. Rc2 g6 26. Bf3 Ke7 27. Kf1 Bd6
28. Be2 Rc8 29. Bd3 Rc5 30. Ne2 f5 31. f4 e5 32. fxe5 Rxe5 33. Kf2 Bc5 34. Nd4
Kf6 35. Re2 Re7 36. Nb5 Bb7 37. Nxa7 Be4 38. Bxe4 Rxe4 39. Nb5 Rxc4 40. Rd2 Rc1
1/2-1/2

[Event "Europa ch 2014"]
[Site "Yerevan ARM"]
[Date "2014.03.07"]
[Round "5.69"]
[White "Rozhko, Dmitry"]
[Black "Stukopin, Andrey"]
[Result "0-1"]
[WhiteElo "2335"]
[BlackElo "2544"]
[PlyCount "106"]
[EventDate "2014.03.03"]
[EventType "swiss"]
[EventRounds "11"]
[EventCountry "ARM"]
[Source "lmi"]
[SourceDate "2014.03.02"]

1. d4 Nf6 2. Nf3 b6 3. Bf4 Bb7 4. e3 d6 5. h3 h6 6. Nbd2 Nbd7 7. Bh2 g6 8. c3
Bg7 9. Bd3 O-O 10. O-O Re8 11. e4 e5 12. Re1 Nh5 13. a4 a6 14. Qb3 Qf6 15. a5
b5 16. d5 Nc5 17. Qc2 Nxd3 18. Qxd3 c5 19. dxc6 Bxc6 20. Nf1 Qe6 21. Rad1 Rad8
22. Ne3 Nf6 23. Nd5 Bxd5 24. exd5 Qc8 25. Nd2 Qc7 26. b4 Rc8 27. Nb1 Qc4 28.
Qxc4 Rxc4 29. f3 h5 30. g4 Bh6 31. Kg2 Rec8 32. Bg3 Kg7 33. Bh4 hxg4 34. Bxf6+
Kxf6 35. hxg4 Bf4 36. Rh1 e4 37. fxe4 Rxe4 38. Rh3 Rce8 39. Rdd3 Kg5 40. Rh7
Re3 41. Rxe3 Rxe3 42. Kf2 Re7 43. c4 Kxg4 44. cxb5 Bg3+ 45. Kg2 Re2+ 46. Kf1
Re1+ 47. Kg2 f5 48. Nc3 f4 49. Rf7 Re3 50. b6 Rxc3 51. Rc7 f3+ 52. Kf1 Re3 53.
Rc4+ Kh3 0-1

[Event "Europa ch 2014"]
[Site "Yerevan ARM"]
[Date "2014.03.07"]
[Round "5.70"]
[White "Can, Emre"]
[Black "Birnboim, Nathan"]
[Result "1-0"]
[WhiteElo "2524"]
[BlackElo "2353"]
[PlyCount "69"]
[EventDate "2014.03.03"]
[EventType "swiss"]
[EventRounds "11"]
[EventCountry "ARM"]
[Source "lmi"]
[SourceDate "2014.03.02"]

1. d4 d5 2. Nf3 Nf6 3. c4 dxc4 4. Na3 c3 5. bxc3 g6 6. e3 Bg7 7. Be2 O-O 8. O-O
c5 9. Nc4 Nc6 10. a4 Be6 11. Ba3 Qc7 12. Qb1 Bd5 13. Rc1 b6 14. Qb5 Ne4 15.
Nfd2 Rfd8 16. Nxe4 Bxe4 17. Rd1 cxd4 18. cxd4 Rd5 19. Qb3 Rg5 20. f3 Bd5 21.
Qd3 Qd7 22. Kh1 Rd8 23. Rac1 Rh5 24. Bb2 Rh6 25. Ne5 Qd6 26. e4 Nb4 27. Qe3 Bb7
28. Ba3 a5 29. f4 f5 30. Bxb4 axb4 31. Bf3 Bxe4 32. Bxe4 fxe4 33. Qxe4 b3 34.
Qf3 Qb4 35. Rc8 1-0